书目信息 |
| 题名: |
北京大学校园文化
|
|
| 作者: | 关成华 主编 | |
| 分册: | ||
| 出版信息: | 北京 北京大学出版社 2004 |
|
| 页数: | 310页 | |
| 开本: | 21cm | |
| 丛书名: | ||
| 单 册: | ||
| 中图分类: | G640-05 , G649.281 | |
| 科图分类: | ||
| 主题词: | 校园--xiao yuan , 文化--wen hua | |
| 电子资源: | ||
| ISBN: | 7-301-05181-6 | |
| 000 | 00747nam0 2200265 45 | |
| 001 | 012005000000 | |
| 005 | 20061114095709.48 | |
| 010 | @a7-301-05181-6@dCNY18.00 | |
| 100 | @a20050315d2004 em y0chiy0121 ea | |
| 101 | 0 | @achi |
| 102 | @aCN@b110000 | |
| 105 | @ay z 000yy | |
| 200 | 1 | @a北京大学校园文化@Abei jing da xue xiao yuan wen hua@f关成华主编 |
| 205 | @a2版 | |
| 210 | @a北京@c北京大学出版社@d2004 | |
| 215 | @a310页@d21cm | |
| 601 | 02 | @a北京大学@Abei jing da xue@x校园@x文化 |
| 601 | 02 | @a北京大学@Abei jing da xue |
| 606 | 0 | @a校园@Axiao yuan |
| 606 | 0 | @a文化@Awen hua |
| 690 | @aG640-05@v4 | |
| 690 | @aG649.281@v4 | |
| 701 | 0 | @a关成华@Aguan cheng hua@4主编 |
| 801 | 0 | @aCN@c20061114 |
| 905 | @a10447@dG649.281@eG540 | |
| 北京大学校园文化/关成华主编.-2版.-北京:北京大学出版社,2004 |
| 310页;21cm |
| ISBN 7-301-05181-6:CNY18.00 |
| ● |
| 相关链接 |
|
|
|
正题名:北京大学校园文化
索取号:G649.281/G540
 
预约/预借
| 序号 | 登录号 | 条形码 | 馆藏地/架位号 | 状态 | 备注 |
| 1 | 637575 | 206375750 | 社科库409/409社科库 15排2列2层/ [索取号:G649.281/G540] | 在馆 | |
| 2 | 637576 | 206375769 | 社科库409/409社科库 15排2列2层/ [索取号:G649.281/G540] | 在馆 | |
| 3 | 637577 | 206375778 | 社科库409/409社科库 15排2列2层/ [索取号:G649.281/G540] | 在馆 |